Encyclopedia of molecular biology : V.1 : [A-C]

Enregistré dans:
Détails bibliographiques
Format: Livre
Langue:English
Publié: New York ; Chichester : John Wiley and Sons, 1999.
Sujets:
Tags: Ajouter un tag
Pas de tags, Soyez le premier à ajouter un tag!
Thư viện lưu trữ: Mạng thư viện Đại học Đà Nẵng
LEADER 00843cam a2200313 i 4500
001 000045666
003 4861
005 20030228160006.0
008 010220|1999 vm 000 eng
020 |a 0471166618 
040 |a IRC  |c IRC  |d IRC 
041 0 |a eng 
082 1 4 |a 572.803  |b En-M 
245 0 0 |a Encyclopedia of molecular biology :  |n V.1 :  |p [A-C] 
260 |a New York ; Chichester :  |b John Wiley and Sons,  |c 1999. 
300 |a 4v. (xix, 2856p., [8]p. of plates) :  |b ill. (some col.) 
630 0 4 |a Encyclopedias. 
630 0 4 |a Molecular biology. 
650 0 4 |a Molecular biology  |v Encyclopedias. 
OWN |a DUT 
999 |a From the UDN01 
TYP |a Monograph 
TYP |a Printed language 
980 |a Mạng thư viện Đại học Đà Nẵng